00355nam a2200145 a 45000010005000000030009000050080041000140400028000550820018000831000020001012450024001212600035001453000010001806500019001906110CO-ViMGA141112s2004 ck r 000 u spa d aCO-ViMGAbspacCO-ViMGA04a823.914 C517m1 aClarke, Artur C10aEl martillo de dios aBuenos Aires : bEmece, c1995 a284 p14aNOVELA INGLESA